000 00322nam a2200121Ia 4500
005 20251222144631.0
008 251222s9999||||xx |||||||||||||| ||spa||
082 _a331.889.85/Y49
100 _aIsabel Yépez del Castillo
245 0 _aLa Sindicalización en el Perú
264 _bFundación Friedrich Ebert
942 _cLIB
999 _c16285
_d16285